000
00331nam a22001457a 4500
008
240530b ||||| |||| 00| 0 eng d
020
_a
9789951775069
041
_a
SHQIP
080
_2
2021
_a
159.9
082
_a
159.9QKRMT
100
_a
25
101
_a
PSI
245
_a
PERTEJ DHIMBJES DREJT GUXIMIT
_c
QKRMT
942
_2
udc
_c
BK
999
_c
60628
_d
60628